Reader on Arun Sharma/ (Record no. 212891)

MARC details
000 -LEADER
fixed length control field 00656nam a22001937a 4500
005 - DATE AND TIME OF LATEST TRANSACTION
control field 20250805163242.0
010 ## - LCCN (DPL NO)
LC control number ENG-146366-367
020 ## - INTERNATIONAL STANDARD BOOK NUMBER
International Standard Book Number 9789361832765
Terms of availability 350.00
035 ## - SYSTEM CONTROL NUMBER
System control number EN-129898-899
037 ## - SOURCE OF ACQUISITION
Source of stock number/acquisition DBAD
082 ## - DEWEY DECIMAL CLASSIFICATION NUMBER
Classification number 921
Edition number 1
245 ## - TITLE STATEMENT
Title Reader on Arun Sharma/
Statement of responsibility, etc Edited and Compiled by Namrata Pathak
250 ## - EDITION STATEMENT
Edition statement 1
260 ## - PUBLICATION, DISTRIBUTION, ETC. (IMPRINT)
Place of publication, distribution, etc New Delhi
Name of publisher, distributor, etc Sahitya Akademi
Date of publication, distribution, etc 2024
270 ## - ADDRESS
Address Rabindra Bhawan, 35 Ferozshah Road
City New Delhi
Postal code 110001
Telephone number 011-23386626
-- 011-23386627
-- 011-23386628
Electronic mail address secretary@sahitya-akaemi.gov.in
300 ## - PHYSICAL DESCRIPTION
Extent 266p. ;
Dimensions 23cm(Hb)
700 ## - ADDED ENTRY--PERSONAL NAME
Personal name Pathak, Namrata
Relator term Editor
9 (RLIN) 83816
942 ## - ADDED ENTRY ELEMENTS (KOHA)
Source of classification or shelving scheme Dewey Decimal Classification
Item type English Books
Classification part 921
Call number suffix REA
Holdings
Withdrawn status Lost status Not for loan Collection code Home library Current library Date acquired Source of acquisition Cost, normal purchase price Full call number Barcode Copy number Cost, replacement price Koha item type
    Not For Loan Non-fiction D.B.Act.Division D.B.Act.Division 05/08/2025 Delivery of Books Act Division 350.00 921 REA EN-129898 1 350.00 English Books
    Not For Loan Non-fiction D.B.Act.Division D.B.Act.Division 05/08/2025 Delivery of Books Act Division 350.00 921 REA EN-129899 1 350.00 English Books

© Delhi Public Library
Hit Counter
free hit counter